000 00807cam a2200253 4500
001 ABS61593
008 000000n1999 000 0 eng u
035 _a(Sirsi) u101865
100 _aExall, G.
245 _aCivil litigation brief
260 _c1999
490 _aSolicitors' Journal
_v143(41) 29 October 1999, 1010-1013(4)
520 _aDiscusses case law which sheds light on the interpretation of the Civil Procedure Rules, especially the sections focussing on expert witnesses and their reports.
590 _aABS
650 _aCIVIL PROCEDURE RULES
650 _aEXPERT WITNESSES
650 _aCASE LAW
650 _aEXPERT REPORTS
650 _aDELAY
650 _aDEFAULT
650 _aAMENDMENTS
690 _aMANAGEMENT-BUSINESS MANAGEMENT-PROFESSIONAL PRACTICE
942 _n0
999 _c60970
_d60970